| 000 | 01308cam a22003013a 4500 | ||
|---|---|---|---|
| 001 | 1125 | ||
| 005 | 20230829144048.0 | ||
| 020 | _a078073004997 | ||
| 040 |
_aZAB _cZAB _dSLC _dOCL _dOCLCQ _dDLC _beng |
||
| 050 | 0 | 0 | _aPZ7.A6483 |
| 082 | _a813.54 | ||
| 100 | 1 | _aApplegate, Katherine. | |
| 245 | 1 | 4 |
_aThe separation / _cK.A. Applegate. |
| 260 |
_aNew York : _bScholastic, _c1999. |
||
| 300 |
_a158 pages : _billustrations ; _c20 cm |
||
| 490 | 1 |
_aAnimorphs ; _vBook 32 |
|
| 500 | _a"An Apple paperback." | ||
| 505 | _aJ | ||
| 520 | _aAnimorphs RM is an exciting series for young adult readers about five teens who are given the power to morph into any animal they touch and then to absorb its DNA. This power is granted them by a dying Andalite alien named Elfangor, who also warns the teens that Earth is being threatened secretly by a group of aliens called Yeerks. This high-interest series is currently a successful television show and will be sure to intrigue even the most reluctant readers. | ||
| 521 |
_a460
_bLexile |
||
| 521 |
_aJ
_bRaz-Plus |
||
| 650 | 0 | _aScience fiction. | |
| 650 | 0 |
_aMetamorphosis _vJuvenile fiction. |
|
| 655 | 7 |
_aChildren's stories. _2lcsh |
|
| 655 | 7 |
_aScience fiction. _2gsafd |
|
| 906 |
_a7 _bcbc _ccopycat _d2 _encip _f20 _gy-genrareb |
||
| 942 |
_2ddc _cBK _n0 |
||
| 999 |
_c1125 _d1125 |
||